Vista normal
Vista MARC
Entrada Personal Name
Número de registros utilizados en: 1
001 - CONTROL NUMBER
- control field: 44614
003 - CONTROL NUMBER IDENTIFIER
- control field: OSt
005 - DATE AND TIME OF LATEST TRANSACTION
- control field: 20260421110519.0
008 - FIXED-LENGTH DATA ELEMENTS
- fixed length control field: 260421|| aca||aabn | a|a d
040 ## - CATALOGING SOURCE
- Original cataloging agency: OSt
- Transcribing agency: OSt
100 ## - HEADING--PERSONAL NAME
- Personal name: Berlitz, Charles Frambach,
- Dates associated with a name: 1913 - 2003
670 ## - SOURCE DATA FOUND
- Source citation: Work cat.: (OSt)31175: Berlitz, Charles Frambach, 1913 - 2003 autor, El Triángulo de las Bermudas /